Historic Counties of English Towns & Cities #1 - Statistics

General Stats
  • This quiz has been taken 1,085 times
    182 since last reset
  • The average score is 9 of 18
Answer Stats
Town / City Historic county % Correct
Dagenham Essex
91%
Croydon Surrey
84%
Liverpool Lancashire
67%
Bournemouth Hampshire
60%
Rochdale Lancashire
58%
Walthamstow Essex
56%
Uxbridge Middlesex
55%
Beckenham Kent
51%
Solihull Warwickshire
51%
Walsall Staffordshire
48%
Abingdon-on-Thames Berkshire
47%
Sunderland County Durham
46%
Tynemouth Northumberland
46%
Penrith Cumberland
44%
Workington Cumberland
30%
Godmanchester Huntingdonshire
30%
Sedbergh Yorkshire, West Riding of
29%
Hyde Cheshire
26%
No matching quizzes found
Score Distribution
Percent of People with Each Score
Percentile by Number Answered
Your Score History
You have not taken this quiz since the last reset